| 000 | 00838nam a2200277Ia 4500 | ||
|---|---|---|---|
| 001 | Para_7608 | ||
| 003 | CHAP | ||
| 008 | 220125s1976 xx 000 0 und d | ||
| 010 | _a206560 | ||
| 040 | _cCHAP | ||
| 082 | _aPA 632 S9 | ||
| 111 |
_aSymposium on Syllabuses and Course Content for Crop Protection Courses (11976 : Stirling, Scot) _9172854 |
||
| 245 |
_aProceedings / _c by British Crop Protection Council |
||
| 260 |
_aStirling : _b Fletcher |
||
| 300 | _a63 h. | ||
| 650 |
_aFitopatología _x estudio y enseñanza _941168 |
||
| 650 |
_aMalas hierbas _x control _970011 |
||
| 710 |
_aBristish Crop Protection Council _9172855 |
||
| 901 | _aPA 632 S9 | ||
| 902 | _aA | ||
| 905 | _a0000001976 0000000000 00 | ||
| 910 | _a1976 | ||
| 942 | _cPARA | ||
| 942 |
_cPARA _d1 |
||
| 999 |
_c206560 _d206560 |
||